000 00499nam a22001817a 4500
999 _c190631
_d190631
005 20220801152917.0
010 _aENG-134122
020 _a9788172610166
_c1650.00
035 _aEN-117654
037 _bDBAB/PUB
082 _a299.93
100 _aOSHO
245 _aFrom Unconsciousness To Consciousness/
_cOsho
260 _aPune
_bOsho Media International
_c2008
270 _a17, Koregaon Park
_bPune
_e411001
300 _a518p.
_c22cm(hb)
942 _2ddc
_cEN
_h299.93
_mOSH